000 01149nam a2200301 i 4500
003 EG-GICUC
005 20260121101510.0
008 251216s1985 ara||||fr|||| 00| 0 ara d
040 _a EG-GICUC
_bara
_c EG-GICUC
_d EG-GICUC
_erda
041 _aara
082 0 4 _221
_a343.6
_bم ح . د
092 0 4 _221
099 _aLaw1 10 343.6 م ح . د 1985
100 0 _aمحمد زكى أبو عامر
_eمؤلف.
245 1 0 _aدراسة فى علم الإجرام والعقاب /
_cمحمد زكى أبو عامر.
264 1 _aالاسكندرية :
_bدار المطبوعات الجامعية،
_c1985.
300 _a511 ؛ صفحة
_c24 سم.
336 _2rda content
_atext
337 _2rda media
_aComputer
338 _2rda carrier
_aOnline Resource
504 _aيشتمل على إرجاعات بيليوجرافية.
546 _aالنص أغلبه باللغة العربية مع بعض النصوص الفرنسية
650 1 4 _aعلم الإجرام
_xالقانون الجنائي
_2qrmak
651 1 _2qrmak
856 4 0 _uhttps://fll.law.cu.edu.eg/fulltext/bks/B10-06758.pdf
905 _a75
942 _2ddc
_n0
_cBK
_e21
999 _c50866
_d50866